Hodnotenie výživového stavu obyvateľov Slovenskej republiky vo vzťahu ku kardiovaskulárnemu riziku

Bibliographic Details
Main Authors: Chudíková, Katarína (Author), Havelková, Beáta (Author), Michalovičová, Mária (Author), Rovný, Ivan, 1949- (Author)
Format: Article
Language:Slovak
PhysicalDescription:Grafy, tab.
ISSN:1210-0048
Subjects:

MARC

LEADER 00000nab a2200000 a 4500
001 vtls008414696
003 SK-MaSNL
005 20260426083837.0
008 250505c2005 xo 0 slo
015 |a SNBCL2005/5 
035 |a SLK032127 
035 |a urn:nbn:sk:snk-ab334q 
035 |a (urnnbn)urn:nbn:sk:snk:ar-a05rrm 
035 |a (uuid)d0f31f61-fe9e-44ce-9516-b37b237a78cd 
040 |a SNKBUCL  |b slo  |c SNKBUCL  |e AACR2 
041 0 |a slo  |b eng  |b slo 
044 |a xo  |c SK 
080 |a 613.2:616.1(437.6)  |2 1981 
245 0 0 |a Hodnotenie výživového stavu obyvateľov Slovenskej republiky vo vzťahu ku kardiovaskulárnemu riziku  |c Katarína Chudíková ... [et al.] 
246 1 0 |a Evaluation of the nutritional condition of the population of the Slovak Republic in relation to cardiovascular risk 
246 1 1 |a Evaluation of the nutritional condition of the population of the Slovak Republic in relation to cardiovascular risk 
300 |b Grafy, tab. 
504 |a Res. angl., slov. 
504 |a Bibliogr. odkazy 
650 0 7 |a výživa  |2 MESH  |9 2615 
650 0 7 |a obezita  |2 MESH  |9 2527 
650 0 7 |a cholesterol  |x účinky nežiadúce  |2 MESH  |9 870913 
650 0 7 |a faktory rizikové  |2 MESH  |9 838956 
650 0 7 |a choroby kardiovaskulárne  |x komplikácie  |2 MESH  |9 871619 
651 7 |a Slovensko  |2 SNKBUCL  |9 14231 
651 7 |a Slovensko  |2 MESH  |9 14231 
700 1 |a Chudíková, Katarína  |4 aut  |9 781285 
700 1 |a Havelková, Beáta  |4 aut  |9 350536 
700 1 |a Michalovičová, Mária  |4 aut  |9 597934 
700 1 |a Rovný, Ivan,  |d 1949-  |4 aut  |9 233516 
773 0 |t Kardiológia  |g Vol. 14, no. 1 (2005), p. 27-36  |x 1210-0048 
850 |a Slovenská národná knižnica 
852 |a Slovenská národná knižnica 
958 |a article27 
958 |a OND 
999 |c 2916111  |d 2918041